<?xml version="1.0" encoding="UTF-8"?>
<collection xmlns="http://www.loc.gov/MARC21/slim">
 <record>
  <leader>01570nam a2200337 a 4500</leader>
  <controlfield tag="001">13567802</controlfield>
  <controlfield tag="003">BD-DhAAL</controlfield>
  <controlfield tag="005">20250708124516.0</controlfield>
  <controlfield tag="008">091112s2005    enka   f b    001 0 eng d</controlfield>
  <datafield tag="010" ind1=" " ind2=" ">
   <subfield code="a">\\2004106249</subfield>
  </datafield>
  <datafield tag="020" ind1=" " ind2=" ">
   <subfield code="a">076194401X (hbk.)</subfield>
  </datafield>
  <datafield tag="020" ind1=" " ind2=" ">
   <subfield code="a">0761944028 (pbk.)</subfield>
  </datafield>
  <datafield tag="020" ind1=" " ind2=" ">
   <subfield code="a">8178294931 (India-pb)</subfield>
  </datafield>
  <datafield tag="020" ind1=" " ind2=" ">
   <subfield code="a">9788178294933 (India-pb)</subfield>
  </datafield>
  <datafield tag="040" ind1=" " ind2=" ">
   <subfield code="a">UKM</subfield>
   <subfield code="c">UKM</subfield>
   <subfield code="d">CUY</subfield>
   <subfield code="d">C#P</subfield>
   <subfield code="d">DLC</subfield>
   <subfield code="d">BD-DhAAL</subfield>
  </datafield>
  <datafield tag="082" ind1="0" ind2="4">
   <subfield code="a">300.72</subfield>
   <subfield code="2">22</subfield>
  </datafield>
  <datafield tag="245" ind1="0" ind2="0">
   <subfield code="a">Research methods in the social sciences /</subfield>
   <subfield code="c">editors Bridget Somekh and Cathy Lewin.</subfield>
  </datafield>
  <datafield tag="260" ind1=" " ind2=" ">
   <subfield code="a">London ;</subfield>
   <subfield code="a">Thousand Oaks, Calif. :</subfield>
   <subfield code="b">SAGE Publications ;</subfield>
   <subfield code="a">New Delhi :</subfield>
   <subfield code="b">Sage Publications</subfield>
   <subfield code="c">2005.</subfield>
  </datafield>
  <datafield tag="300" ind1=" " ind2=" ">
   <subfield code="a">xiv, 368 pages :</subfield>
   <subfield code="b">illustrations ;</subfield>
   <subfield code="c">26 cm.</subfield>
  </datafield>
  <datafield tag="504" ind1=" " ind2=" ">
   <subfield code="a">Includes bibliographical references and index.</subfield>
  </datafield>
  <datafield tag="526" ind1=" " ind2=" ">
   <subfield code="x">Requisitioned by Faculties of BBS
Course name and no : N/A</subfield>
  </datafield>
  <datafield tag="541" ind1="1" ind2=" ">
   <subfield code="a">Karim International</subfield>
   <subfield code="e">00019565</subfield>
  </datafield>
  <datafield tag="650" ind1=" " ind2="0">
   <subfield code="a">Social sciences</subfield>
   <subfield code="x">Research.</subfield>
  </datafield>
  <datafield tag="650" ind1=" " ind2="0">
   <subfield code="a">Social sciences</subfield>
   <subfield code="x">Methodology.</subfield>
  </datafield>
  <datafield tag="700" ind1="1" ind2=" ">
   <subfield code="a">Somekh, Bridget.</subfield>
   <subfield code="9">55816</subfield>
  </datafield>
  <datafield tag="700" ind1="1" ind2=" ">
   <subfield code="a">Lewin, Cathy.</subfield>
   <subfield code="9">55817</subfield>
  </datafield>
  <datafield tag="852" ind1="4" ind2=" ">
   <subfield code="a">Ayesha Abed Library</subfield>
   <subfield code="j">General shelf</subfield>
  </datafield>
  <datafield tag="942" ind1=" " ind2=" ">
   <subfield code="2">ddc</subfield>
   <subfield code="c">BK</subfield>
  </datafield>
  <datafield tag="999" ind1=" " ind2=" ">
   <subfield code="c">5490</subfield>
   <subfield code="d">5490</subfield>
  </datafield>
  <datafield tag="952" ind1=" " ind2=" ">
   <subfield code="0">0</subfield>
   <subfield code="1">0</subfield>
   <subfield code="2">ddc</subfield>
   <subfield code="4">0</subfield>
   <subfield code="6">300_720000000000000_RES_2005</subfield>
   <subfield code="7">0</subfield>
   <subfield code="9">5362</subfield>
   <subfield code="a">BRACUL</subfield>
   <subfield code="b">BRACUL</subfield>
   <subfield code="c">GEN</subfield>
   <subfield code="d">2009-11-15</subfield>
   <subfield code="e">Karim International</subfield>
   <subfield code="g">534.00</subfield>
   <subfield code="l">1</subfield>
   <subfield code="o">300.72 RES</subfield>
   <subfield code="p">3010019565</subfield>
   <subfield code="r">2011-08-25</subfield>
   <subfield code="s">2011-05-25</subfield>
   <subfield code="t">1</subfield>
   <subfield code="w">2009-11-15</subfield>
   <subfield code="y">BK</subfield>
   <subfield code="x">Requisitioned by Faculties of BBS. Course name and no. &quot;not available&quot;.</subfield>
  </datafield>
  <datafield tag="952" ind1=" " ind2=" ">
   <subfield code="0">0</subfield>
   <subfield code="1">0</subfield>
   <subfield code="2">ddc</subfield>
   <subfield code="4">0</subfield>
   <subfield code="6">300_720000000000000_RES_2005</subfield>
   <subfield code="7">0</subfield>
   <subfield code="9">7131</subfield>
   <subfield code="a">BRACUL</subfield>
   <subfield code="b">BRACUL</subfield>
   <subfield code="c">GEN</subfield>
   <subfield code="d">2010-01-12</subfield>
   <subfield code="l">5</subfield>
   <subfield code="m">15</subfield>
   <subfield code="o">300.72 RES</subfield>
   <subfield code="p">3010017369</subfield>
   <subfield code="r">2019-01-07</subfield>
   <subfield code="s">2018-01-10</subfield>
   <subfield code="t">2</subfield>
   <subfield code="w">2010-01-12</subfield>
   <subfield code="y">BK</subfield>
  </datafield>
 </record>
</collection>
